[Event "Wch U14 Girls"]
[Site "Florianopolis"]
[Date "2024.11.02"]
[Round "5"]
[White "Carvalho, Rhianna Pietra Agui"]
[Black "Feng, Sophia"]
[Result "0-1"]
[WhiteElo "1463"]
[BlackElo "1871"]
[PlyCount "64"]
[EventDate "2024.10.29"]
[EventType "swiss"]
[EventRounds "11"]
[EventCountry "BRA"]
[SourceTitle "CB45_2024"]
[Source "ChessBase"]
[SourceDate "2024.11.06"]
[SourceVersion "1"]
[SourceVersionDate "2024.11.06"]
[SourceQuality "1"]

1. c4 e6 2. Nf3 Nf6 3. g3 d5 4. Bg2 Be7 5. 0-0 0-0 6. b3 c5 7. cxd5 Nxd5 8. Nc3 Bf6 9. Bb2 Nc6 10. Re1 b6 11. Rb1 Bb7 12. Nxd5 exd5 13. d4 Re8 14. dxc5 Bxb2 15. Rxb2 bxc5 16. Qc1 Qb6 17. e3 d4 18. exd4 Nxd4 19. Nxd4 Bxg2 20. Kxg2 cxd4 21. Rxe8+ Rxe8 22. Qc4 Qb7+ 23. f3 Re3 24. Rf2 d3 25. Qc5 Re8 26. Qd4 Qb5 27. Rd2 h6 28. Qxa7 Qb4 29. Rxd3 Qe1 30. Rd7 Re2+ 31. Kh3 Qf1+ 32. Kg4 f5+ 0-1

[Event "Manaus op"]
[Site "Manaus"]
[Date "2024.10.13"]
[Round "4"]
[White "Carvalho, Rhianna Pietra Agui"]
[Black "Vicuna, Frayser Serquen"]
[Result "1-0"]
[WhiteElo "1463"]
[BlackElo "1765"]
[PlyCount "58"]
[EventDate "2024.10.11"]
[EventType "swiss"]
[EventRounds "9"]
[EventCountry "BRA"]
[SourceTitle "CB43_2024"]
[Source "Chessbase"]
[SourceDate "2024.10.23"]
[SourceVersion "1"]
[SourceVersionDate "2024.10.23"]
[SourceQuality "1"]

1. c4 e5 2. Nc3 Nf6 3. g3 Bc5 4. Bg2 a6 5. d3 0-0 6. Nf3 d6 7. 0-0 h6 8. a3 c6 9. b4 Ba7 10. Rb1 Qc7 11. e4 Nh7 12. Re1 f5 13. Be3 Bxe3 14. fxe3 f4 15. exf4 exf4 16. Ne2 fxg3 17. Nxg3 Bg4 18. Rf1 Ng5 19. Nxg5 Rxf1+ 20. Qxf1 hxg5 21. Bh3 Qd7 22. Nf5 Bxf5 23. Qxf5 Qxf5 24. Bxf5 b5 25. Re1 Kf8 26. e5 Ke7 27. Kf2 Nd7 28. exd6+ Kxd6 29. Bxd7 Kxd7 1-0

[Event "Recife JEBS (Women) op"]
[Site "Recife"]
[Date "2024.09.30"]
[Round "6"]
[White "Da Silva, Evelyn Holanda"]
[Black "Carvalho, Rhianna Pietra Agui"]
[Result "1-0"]
[WhiteElo "1762"]
[BlackElo "1463"]
[PlyCount "43"]
[EventDate "2024.09.28"]
[EventType "swiss"]
[EventRounds "6"]
[EventCountry "BRA"]
[SourceTitle "EXT 2025"]
[Source "ChessBase"]
[SourceDate "2024.10.14"]
[SourceVersion "1"]
[SourceVersionDate "2024.10.14"]
[SourceQuality "1"]

1. e4 d6 2. Nf3 Nf6 3. Nc3 g6 4. Bc4 Bg7 5. 0-0 0-0 6. d4 c6 7. a4 Nbd7 8. Qe2 Nb6 9. Ba2 Nfd7 10. Rd1 Re8 11. e5 Nf8 12. exd6 exd6 13. Qf1 Bf5 14. Bb3 Ne6 15. h4 Bg4 16. Rd3 Nf4 17. Bxf4 Bxf3 18. Rxf3 Bxd4 19. a5 Nc8 20. Qc4 Bf6 21. Qxf7+ Kh8 22. Bh6 1-0

[Event "Recife JEBS (Women) op"]
[Site "Recife"]
[Date "2024.09.29"]
[Round "5"]
[White "Carvalho, Rhianna Pietra Agui"]
[Black "Barbosa, Laura Sophia Gomes"]
[Result "0-1"]
[WhiteElo "1463"]
[BlackElo "1689"]
[PlyCount "84"]
[EventDate "2024.09.28"]
[EventType "swiss"]
[EventRounds "6"]
[EventCountry "BRA"]
[SourceTitle "EXT 2025"]
[Source "ChessBase"]
[SourceDate "2024.10.14"]
[SourceVersion "1"]
[SourceVersionDate "2024.10.14"]
[SourceQuality "1"]

1. c4 Nf6 2. g3 g6 3. Bg2 Bg7 4. Nf3 0-0 5. 0-0 d6 6. Nc3 e5 7. d3 Nc6 8. a3 a5 9. Rb1 Bd7 10. Bd2 Re8 11. Qc1 Qc8 12. Bh6 Ne7 13. Bxg7 Kxg7 14. b4 Nf5 15. b5 c6 16. a4 h5 17. Rd1 Be6 18. Ne4 Nh7 19. h3 Qd7 20. Qb2 f6 21. c5 d5 22. Nc3 Ne7 23. bxc6 bxc6 24. Kh2 Qc7 25. Qb7 Ra7 26. Qxc7 Rxc7 27. Rb6 Ra8 28. Rdb1 Nf8 29. e4 d4 30. Ne2 Nd7 31. Rb7 Ra7 32. Rxa7 Rxa7 33. Rc1 Bb3 34. Nd2 Bxa4 35. f4 Bb5 36. fxe5 fxe5 37. Bf1 Bxd3 38. Nxd4 Bxf1 39. Ne6+ Kf7 40. Ng5+ Kf6 41. Rxf1+ Kxg5 42. Nf3+ Kh6 0-1

[Event "Recife JEBS (Women) op"]
[Site "Recife"]
[Date "2024.09.29"]
[Round "3"]
[White "Carvalho, Rhianna Pietra Agui"]
[Black "Ramazzotte, Esther Zilli"]
[Result "0-1"]
[WhiteElo "1463"]
[BlackElo "1693"]
[PlyCount "84"]
[EventDate "2024.09.28"]
[EventType "swiss"]
[EventRounds "6"]
[EventCountry "BRA"]
[SourceTitle "EXT 2025"]
[Source "ChessBase"]
[SourceDate "2024.10.14"]
[SourceVersion "1"]
[SourceVersionDate "2024.10.14"]
[SourceQuality "1"]

1. c4 Nf6 2. Nc3 d5 3. b3 c6 4. d4 g6 5. Nf3 Bg7 6. e3 0-0 7. Bd3 dxc4 8. Bxc4 c5 9. 0-0 Bg4 10. Be2 Nc6 11. dxc5 Ne4 12. Nxe4 Bxa1 13. a3 a5 14. Bd2 Bg7 15. Qc2 Ne5 16. Nxe5 Bxe2 17. Re1 Bxe5 18. Rxe2 Qc7 19. g3 Rfd8 20. Bc3 Bxc3 21. Qxc3 Rd1+ 22. Kg2 Rad8 23. Rd2 Qc6 24. Rxd8+ Rxd8 25. f3 Qb5 26. Kf2 Qd3 27. b4 Qxc3 28. Nxc3 axb4 29. axb4 Rd2+ 30. Ke1 Rd3 31. Nd1 Rb3 32. Ke2 Rxb4 33. Kd3 Kf8 34. Kc3 Rb1 35. Nb2 Ke8 36. Nd3 Rh1 37. h4 Rh3 38. Kd4 Rxg3 39. Ne5 f6 40. Nc4 Kd7 41. Na5 Kc7 42. Kd5 Rxf3 0-1

[Event "Boa Vista Regional Norte-ch"]
[Site "Boa Vista"]
[Date "2024.05.31"]
[Round "3"]
[White "Carvalho, Rhianna Pietra Agui"]
[Black "Guerreiro, Gustavo Lohan Matos"]
[Result "1/2-1/2"]
[WhiteElo "1469"]
[BlackElo "1825"]
[PlyCount "96"]
[EventDate "2024.05.30"]
[EventType "swiss"]
[EventRounds "6"]
[EventCountry "BRA"]
[SourceTitle "CBM 220 Extra"]
[Source "ChessBase"]
[SourceDate "2024.07.31"]
[SourceVersion "1"]
[SourceVersionDate "2024.07.31"]
[SourceQuality "1"]

1. c4 e5 2. g3 f5 3. Bg2 Nf6 4. d3 Nc6 5. Nc3 Bb4 6. e4 d6 7. Nge2 fxe4 8. dxe4 Be6 9. b3 Qd7 10. a3 Bxc3+ 11. Nxc3 0-0 12. 0-0 Bg4 13. f3 Bh3 14. Nd5 Rf7 15. Be3 Bxg2 16. Kxg2 Raf8 17. Nxf6+ Rxf6 18. c5 Qf7 19. cxd6 Rxd6 20. Qc2 Nd4 21. Bxd4 Rxd4 22. Rad1 Rfd8 23. Rxd4 Rxd4 24. Rd1 c5 25. Rxd4 cxd4 26. Qc8+ Qf8 27. Qxb7 Qc5 28. Qd5+ Qxd5 29. exd5 Kf7 30. f4 e4 31. Kf2 Ke7 32. g4 Kd6 33. Ke2 Kxd5 34. h4 Ke6 35. h5 Kf6 36. b4 g6 37. h6 Ke6 38. a4 Kd5 39. f5 gxf5 40. gxf5 Kc4 41. f6 d3+ 42. Kd2 e3+ 43. Kxe3 Kc3 44. f7 d2 45. f8Q d1Q 46. Qc5+ Kb3 47. Ke4 Kxa4 48. Qxa7+ Kxb4 1/2-1/2

[Event "Boa Vista Regional Norte-ch"]
[Site "Boa Vista"]
[Date "2024.05.31"]
[Round "2"]
[White "De Oliveira, Fellipe Paraguassu"]
[Black "Carvalho, Rhianna Pietra Agui"]
[Result "1/2-1/2"]
[WhiteElo "1777"]
[BlackElo "1469"]
[PlyCount "88"]
[EventDate "2024.05.30"]
[EventType "swiss"]
[EventRounds "6"]
[EventCountry "BRA"]
[SourceTitle "CBM 220 Extra"]
[Source "ChessBase"]
[SourceDate "2024.07.31"]
[SourceVersion "1"]
[SourceVersionDate "2024.07.31"]
[SourceQuality "1"]

1. e4 d6 2. Nf3 Nf6 3. Nc3 g6 4. Bc4 Bg7 5. 0-0 0-0 6. d3 c6 7. Re1 b5 8. Bb3 a5 9. a3 Nbd7 10. Bf4 e5 11. Be3 Re8 12. Ng5 Rf8 13. a4 b4 14. Ne2 d5 15. Ng3 h6 16. Nh3 d4 17. Bd2 Nc5 18. Bc4 Bxh3 19. gxh3 Qd7 20. Kg2 Ne6 21. Qc1 Kh7 22. f3 Rab8 23. Rf1 Qc7 24. Bxe6 fxe6 25. Rg1 b3 26. c3 Nd7 27. cxd4 exd4 28. Qc4 Rxf3 29. Rgf1 Rxf1 30. Rxf1 e5 31. h4 Rf8 32. Rxf8 Nxf8 33. Qxb3 Bf6 34. h5 Qg7 35. Kh1 Bd8 36. hxg6+ Qxg6 37. Nf5 Qg4 38. Qb7+ Kh8 39. Bxh6 Qd1+ 40. Kg2 Qe2+ 41. Kh3 Qf1+ 42. Kg3 Qg1+ 43. Kf3 Qf1+ 44. Kg4 Qg2+ 1/2-1/2

[Event "Manaus op 2nd"]
[Site "Manaus"]
[Date "2023.10.16"]
[Round "8"]
[White "Carvalho, Rhianna Pietra Agui"]
[Black "Serra Miriades, Nunes Cunha"]
[Result "1-0"]
[WhiteElo "1755"]
[BlackElo "1736"]
[PlyCount "49"]
[EventDate "2023.10.11"]
[EventType "swiss"]
[EventRounds "9"]
[EventCountry "BRA"]
[SourceTitle "CBM 216 Extra"]
[Source "ChessBase"]
[SourceDate "2023.11.30"]
[SourceVersion "1"]
[SourceVersionDate "2023.11.30"]
[SourceQuality "1"]

1. e4 c6 2. Nc3 d5 3. Nf3 Nf6 4. e5 Ne4 5. Nxe4 dxe4 6. Ng1 h5 7. f3 g6 8. fxe4 Bg4 9. Be2 Bg7 10. Bxg4 hxg4 11. Qxg4 Nd7 12. Nf3 Rh5 13. e6 fxe6 14. Qxe6 Nc5 15. Qxg6+ Kf8 16. Qxh5 Kg8 17. Qxc5 b6 18. Qxc6 Rc8 19. Qe6+ Kh8 20. c3 Qf8 21. Nh4 Qf6 22. Qxc8+ Kh7 23. Qf5+ Kg8 24. Qxf6 Bxf6 25. Nf5 1-0

[Event "Manaus op 2nd"]
[Site "Manaus"]
[Date "2023.10.13"]
[Round "4"]
[White "Rodrigues Franca, Carlos Alberto"]
[Black "Carvalho, Rhianna Pietra Agui"]
[Result "1-0"]
[WhiteElo "1556"]
[BlackElo "1755"]
[PlyCount "113"]
[EventDate "2023.10.11"]
[EventType "swiss"]
[EventRounds "9"]
[EventCountry "BRA"]
[SourceTitle "CBM 216 Extra"]
[Source "ChessBase"]
[SourceDate "2023.11.30"]
[SourceVersion "1"]
[SourceVersionDate "2023.11.30"]
[SourceQuality "1"]

1. d4 d5 2. c4 Nf6 3. Nc3 Nc6 4. cxd5 Nxd5 5. e4 Nxc3 6. bxc3 e6 7. Bb5 Bd7 8. Nf3 a6 9. Be2 Be7 10. 0-0 0-0 11. Be3 h6 12. Qd2 Rb8 13. Rad1 b5 14. d5 exd5 15. exd5 Na5 16. Ne5 Bg5 17. Bxg5 hxg5 18. Nxd7 Qxd7 19. Qxg5 f6 20. Qf4 Rb6 21. Qb4 Nb7 22. Qd4 Re8 23. Bg4 Qd6 24. Be6+ Kf8 25. Qh4 Ke7 26. Qh7 Kd8 27. Qxg7 Qe7 28. Qxe7+ Rxe7 29. f4 b4 30. cxb4 Rxb4 31. f5 Rh7 32. Rf3 Rbh4 33. h3 Rh8 34. Rb3 Nc5 35. Rb8+ Ke7 36. Rxh8 Rxh8 37. Kh2 Nxe6 38. dxe6 Rd8 39. Rxd8 Kxd8 40. g4 c5 41. Kg2 Kc7 42. Kf2 Kd6 43. Ke2 c4 44. Kd2 Kc5 45. Kc3 Kd6 46. Kxc4 a5 47. Kd4 a4 48. h4 a3 49. g5 Ke7 50. Kc5 fxg5 51. hxg5 Ke8 52. Kd6 Kd8 53. f6 Ke8 54. g6 Kf8 55. Kd7 Kg8 56. e7 Kh8 57. e8Q# 1-0